| 000 | 00638cam a22002171 4500 | ||
|---|---|---|---|
| 001 | ca 30000104 | ||
| 003 | DLC | ||
| 005 | 20260227111122.0 | ||
| 008 | 790524s1921 pl 000 0apol | ||
| 010 | _aca 30000104 | ||
| 035 | _a(OCoLC)5002028 | ||
| 040 |
_aDLC _cNBrockU _dNBrockU _dOCoLC _dDLC |
||
| 042 | _apremarc | ||
| 050 | 0 | 0 |
_aD640 _b.G16 |
| 100 | 1 |
_aStrug, Andrzej, _d1871?-1937. |
|
| 245 | 1 | 0 | _aOdznaka za wierna̜ służbe̜. |
| 260 |
_aWarszawa, _b"Ignis", _c1921. |
||
| 300 |
_a118 p. _c22 cm. |
||
| 500 | _aAuthor's pseud., Andrzej Strug, at head of title. | ||
| 650 | 0 |
_aWorld War, 1914-1918 _xPersonal narratives, Polish |
|
| 999 |
_c16584 _d16584 |
||